Historische deutsche Namen von mittel- und osteuropäischen Städten - Statistiken

Allgemein
  • Dieses Quiz wurde 145 mal gespielt
  • Das Durchschnittsergebnis liegt bei 7 aus 14
Antwortstatistiken
Hint Antwort % Korrekt
Gdansk Danzig
91%
Kaliningrad Königsberg
89%
Plzen Pilsen
87%
Brno Brünn
70%
Bratislava Pressburg
69%
Lwiw / Lviv Lemberg
67%
Ljubljana Laibach
55%
Vilnius Wilna
45%
Tallinn Reval
39%
Klaipėda Memel
30%
Daugavpils Dünaburg
12%
Tartu Dorpat
8%
Liepāja Libau
8%
Ventspils Windau
6%
Keine übereinstimmenden Quizze gefunden
Verteilung der Resultate
Anzahl Personen mit jedem Resultat
Perzentil nach korrekt beantworteten Fragen
Ihre Resultats-Entwicklung
Sie haben dieses Quiz noch nicht gespielt